Inteligencia Artificial.

Uloženo v:
Podrobná bibliografie
Hlavní autor: Boden, Margaret A (autora)
Další autoři: Pérez Parra, Inmaculada (traducción)
Médium: Kniha
Vydáno: Madrid, España: Taurus, 2017.
Vydání:Primera edición.
Edice:Colección Noema
Témata:
Tagy: Přidat tag
Žádné tagy, Buďte první, kdo vytvoří štítek k tomuto záznamu!

MARC

LEADER 00000nam a22000007a 4500
003 CL-VaPUC
005 20250407202438.0
008 250307t2017 ||||| |||| 00| 0 eng d
999 |c 447166  |d 447164 
020 |a 978-84-16714-22-3 
040 |c Pontificia Universidad Católica de Valparaíso 
082 7 |a 006.3 BOD 2017  |2 22 
100 1 |a Boden, Margaret A  |e autora  |9 896405 
245 |a Inteligencia Artificial. 
250 |a Primera edición.  
260 |a Madrid, España:  |b Taurus,   |c 2017. 
300 |a 191 páginas.  
490 |a Colección Noema 
500 |a c.1-c.2. Instituto Arcos 8-1-2025. 
583 |c 20250307  |k GC 
650 0 |a Inteligencia artificial   |9 300376 
650 0 |a Inteligencia artificial   |x Aspectos sociales  |9 888355 
700 |a Pérez Parra, Inmaculada  |e traducción  |9 896406 
942 |2 ddc  |c BK  |n 0 
952 |0 0  |1 0  |2 ddc  |4 0  |6 006_300000000000000_BOD_2017  |7 0  |8 A  |9 600768  |a BIBINC  |b BIBINC  |d 2025-03-07  |e Instituto Arcos   |i 5665677  |o 006.3 BOD 2017  |p 5665677  |r 2025-03-07  |t 1  |w 2025-03-07  |y BK  |k IFP 
952 |0 0  |1 0  |2 ddc  |4 0  |6 006_300000000000000_BOD_2017  |7 0  |8 A  |9 600884  |a BIBINC  |b BIBINC  |d 2025-03-10  |e Instituto Arcos  |i 5665722  |o 006.3 BOD 2017  |p 5665722  |r 2025-03-10  |t 2  |w 2025-03-10  |y BK  |k IFP